Conceptual physical science / (Record no. 12423)

000 -LEADER
fixed length control field 00501pam a2200181 a 4500
020 ## - INTERNATIONAL STANDARD BOOK NUMBER
ISBN 0673463796
040 ## - CATALOGING SOURCE
Transcribing agency DLC
082 00 - DEWEY DECIMAL CLASSIFICATION NUMBER
Classification number 500 HAR 1994 A033 Or.
100 1# - MAIN ENTRY--AUTHOR NAME
Personal name Hewitt, Paul G.
245 10 - TITLE STATEMENT
Title Conceptual physical science /
260 ## - PUBLICATION, DISTRIBUTION, ETC. (IMPRINT)
Place of publication New York :
Name of publisher HarperCollins College Publishers,
Year of publication c1994.
300 ## - PHYSICAL DESCRIPTION
Number of Pages xix, 795 p. :
Other physical details ill. (chiefly col.) ;
Dimensions 27 cm.
500 ## - GENERAL NOTE
General note Includes index.
650 #0 - SUBJECT ADDED ENTRY--TOPICAL TERM
Topical Term Physical sciences.
700 1# - ADDED ENTRY--PERSONAL NAME
Personal name Suchocki, John.
700 1# - ADDED ENTRY--PERSONAL NAME
Personal name Hewitt, Leslie A.
942 ## - ADDED ENTRY ELEMENTS (KOHA)
Koha item type សៀវភៅភាសាអង់គ្លេស
952 ## - LOCATION AND ITEM INFORMATION (KOHA)
Withdrawn status [LOCAL, KOHA] 0
Holdings
Permanent Location Date acquired Koha item type Lost status Shelving location Barcode Current Location Full call number
Library Block A2017-08-14សៀវភៅភាសាអង់គ្លេស A033A16957Library Block A500 HAR 1994 A033 Or.
មជ្ឈមណ្ឌលឯការនៃសាកលវិទ្យាល័យភូមិន្ទកសិកម្មចំការដូង

Powered by Koha